Bilecik Bilecik Bilecik Bilecik Bilecik

Electrical installation technology 2 : (Record no. 11022)

MARC details
000 -BAŞLIK
Sabit Uzunluktaki Kontrol Alanı 00884nam a22003017a 4500
001 - KONTROL NUMARASI
Control Dosyası 0011052
003 - KONTROL NUMARASI KİMLİĞİ
Kontrol Alanı KOHA_MİRAKIL
005 - EN SON İŞLEM TARİHİ ve ZAMANI
Kontrol Alanı 20260207001804.0
007 - FİZİKSEL TANIM SABİT ALAN - GENEL BİLGİ
Sabit uzunluklu kontrol alanı ta
008 - SABİT UZUNLUKTAKİ VERİ ÖGELERİ - GENEL BİLGİ
Sabit Alan 091123b1993 enk |||gr||||#||||0|eng |
020 ## - ISBN - ULUSLARARASI STANDART KİTAP NUMARASI
Isbn 0748703780
Nitelik bilgileri c.2
Kullanılabilirlik koşulları 0,01
040 ## - KATALOGLAMA KAYNAĞI
Özgün Kataloglama Kurumu TR-BiSEU
Kataloglama Dili tur
Çeviri Kurumu TR-BiSEU
Açıklama Kuralları rda
041 0# - DİL KODU
Metin ya da ses kaydının dil kodu eng
044 ## - YAYINLAYAN/ÜRETEN KURULUŞUN ÜLKE KODU
ISO country code enk
050 ## - SINIFLAMA ve YER NUMARASI
Sınıflama Numarası TK146
Yer Numarası .L49 1993
100 0# - KİŞİ ADI
Yazar Adı (Kişi adı) Lewis Maurice L. .
245 1# - ESER ADI BİLDİRİMİ
Başlık Electrical installation technology 2 :
Alt Eseradı vb. science and calculation/
Sorumluluk Bildirimi Lewis Maurice L. ; Maurice L. Lewis.
250 ## - BASIM BİLDİRİMİ
Basım Bildirimi 3. bs.
264 #1 - ÜRERİM, YAYIN, DAĞITIM ve TELİF BİLDİRİMİ
Yayın yeri Cheltenham :
Yayınlayan Stanley Thornes
Yayın tarihi 1993
300 ## - FİZİKSEL TANIMLAMA
Sayfa, Cilt vb. 156 sayfa: resimli
336 ## - İÇERİK TÜRÜ
Content type term metin
Content type code txt
Source rdacontent
337 ## - MEDYA TÜRÜ
Media type term aracısız
Media type code n
Source rdamedia
338 ## - TAŞIYICI TÜRÜ
Carrier type term cilt
Carrier type code nc
Source rdacarrier
500 ## - GENEL NOT
Genel Not Dizin var.
650 #0 - KONU BAŞLIĞI EK GİRİŞ - KONU TERİMİ
Konusal terim veya coğrafi ad Elektrik mühendisliği.
9 (RLIN) 2676
650 #0 - KONU BAŞLIĞI EK GİRİŞ - KONU TERİMİ
Konusal terim veya coğrafi ad Electric engineering.
9 (RLIN) 3007
942 ## - EK GİRİŞ ÖGELERİ (KOHA)
Source of classification or shelving scheme Library of Congress Classification
Koha item type Book
Holdings
Materyal Türü Kalıcı Konum Mevcut Konum Raf Yeri Sınıflandırma Kaynağı Edinim Bilgisi Ana Konular Alt Konular Yer Numarası Cilt Bilgisi Demirbaş Numarası Fatura Tarihi Geri Çekilme Durumu Kayıp Durumu Hasarlı Durumu Kredi için değil Kayıt Tarih Toplam Ödünçverme Son Görülme Tarihi Son Kontrol Tarihi Genel / Bağış Notu
Book Prof. Dr. Azmi Özcan Kütüphanesi Prof. Dr. Azmi Özcan Kütüphanesi Birûni Salonu Library of Congress Classification Bağış TEKNOLOJİ Elektrik Mühendisliği, Elektronik, Nükleer Mühendislik TK146 .L49 1993 c.2 0011052 13/08/2010         23/11/2009   05/12/2024 05/12/2024 Genel Bağış